How Extraversion, Intensity and Novelty Seeking Explain Smoking Status/A Study of Smokers, Non-Smokers and Social Smokers (Record no. 8670)
[ view plain ]
| 000 -LEADER | |
|---|---|
| fixed length control field | 01264cam a22001814a 4500 |
| 005 - ΗΜΕΡΟΜΗΝΙΑ ΚΑΙ ΩΡΑ ΤΕΛΕΥΤΑΙΑΣ ΕΝΗΜΕΡΩΣΗΣ | |
| Πεδίο ελέγχου | 20250605164343.0 |
| 008 - FIXED-LENGTH DATA ELEMENTS--GENERAL INFORMATION | |
| Πεδίο ελέγχου σταθερού μήκους | 250528s ||||||||||||||||||||||||d |
| 035 ## - SYSTEM CONTROL NUMBER | |
| System control number | 23712 |
| 040 ## - ΠΗΓΗ ΚΑΤΑΛΟΓΟΓΡΑΦΗΣΗΣ | |
| Φορέας πρωτότυπης καταλογογράφησης | MC Athens Campus Library |
| Γλώσσα καταλογογράφησης | Ελληνικά, Μοντέρνα (1453-) |
| Modifying agency | MC Athens Campus Library |
| Κανόνες περιγραφικής καταλογογράφησης | AACR2 |
| 245 1# - ΤΙΤΛΟΣ ΚΑΙ ΔΗΛΩΣΗ ΥΠΕΥΘΥΝΟΤΗΤΑΣ | |
| Τίτλος | How Extraversion, Intensity and Novelty Seeking Explain Smoking Status/A Study of Smokers, Non-Smokers and Social Smokers |
| 260 ## - PUBLICATION, DISTRIBUTION, ETC. | |
| Date of publication, distribution, etc. | 2014 |
| 300 ## - PHYSICAL DESCRIPTION | |
| Extent | 52 |
| 520 ## - SUMMARY, ETC. | |
| Summary, etc. | Abstract, Introduction, Physical and Mental Consequences of Tobacco, Why Do Individuals Smoke?, Categories Among Smokers, Regular Smokers, Social Smokers, Individual Differences, Models Used to Explore Smokers' Characteristics, Personality Traits and Smoking Status, Other Factors Related to Tobacco Consumption, All-or-None Phenomenon, Sensation Seeking and Sustance Use, Personality and Sensation Seeking as Predictors of Tobacco Consumption, An Explanation Regarding Sensation Seeking and Smoking, Aim, Hypotheses, Methods, Design, Participants, Materials, Procedure, Analytic Strategy, Results, Discussion, Main Findings, Implications of the Findings, Strengths and Limitations of the Study, Further Research, Conclusions, References, Appendices. |
| 700 1# - ΠΡΟΣΘΕΤΗ ΑΝΑΓΡΑΦΗ--ΦΥΣΙΚΟ ΠΡΟΣΩΠΟ | |
| Personal name | Rantzou Eleni-Paraskevi |
| 9 (RLIN) | 9268 |
| 942 ## - ADDED ENTRY ELEMENTS (KOHA) | |
| Koha item type | Διπλωματική εργασία |
| Τύπος τεκμηρίου | Βιβλιοθήκη | Τρέχουσα τοποθεσία | Barcode | Ημερομηνία απόκτησης | Ταξιθετικό σύμβολο | Αριθμός αντιτύπου | Κατάσταση απόσυρσης | Κατάσταση χαμένου | Κατάσταση κατεστραμμένου | Μη δανεισμός | Σύνολο δανεισμών | Ημερομηνία τελευταίας εμφάνισης | Η τιμή ισχύει από |
|---|---|---|---|---|---|---|---|---|---|---|---|---|---|
| Διπλωματική εργασία | MC Athens Campus Library | MC Athens Campus Library | 9780000086693 | 05/06/2025 | BUS 2014 (32) | 1 | 05/06/2025 | 05/06/2025 |